000 00727nam a2200253Ia 4500
003 OSt
005 20220918171501.0
006 a|||||r|||| 00| 0
007 ta
008 220917b |||||||| |||| 00| 0 eng d
020 _a9781844651740 (pbk)
_c1102.06
024 _a246,317
037 _b146, 11/03/2011, Om Book Distributors
_cTextual
040 _aARTS
_cARTS
_beng
041 _2eng
_aeng
082 _aR3xC57:g, Q0
100 _aMason Andrew S.
_936901
245 0 _aPlato
260 _aDurham
_bAcumen Uk
_c2010
300 _aviii, 221p.
_ccm.
650 _aPHILOSOPHY
942 _hR3xC57:g, Q0
_cTEXL
_2CC
999 _c139789
_d139789